00574nam a2200181zi 450000500170000000800410001702000150005805000180007310000350009124500540012626000330018030000240021333700100023733800140024750000750026165000210033670000350035720231102151800.0050516s2004 mx ||||fr|||||||1|||spa d a970074786704aK280 F58 20041 aFigueroa, Luis Mauricioeautor13aLa Fuentes del Derechob/ Luis Mauricio Figueroa  aMéxicob : Porrúac,2004 aVIII, 166 páginas atexto asin medio aEducación Mixta, Derecho/ Tópicos actuales / (P36) / (13 002940) 14aDerechovFuentes1 aLuis Mauricio, FigueroaeAutor